SPECIÁLIS ISKOLÁK SZAKMAI TANULMÁNYI VERSENYE

Bibliographic Details
Main Author: KÉZÉR KATALIN
Other Authors: Buzás Dr. Gizella
Format: Thesis
Kulcsszavak:sni betegségei
szakmai versenyek
kereskedelmi szakképzés
Online Access:http://dolgozattar.uni-bge.hu/20993

MARC

LEADER 00000nta a2200000 i 4500
001 dolg20993
005 20190904164932.0
008 190514suuuu hu om 000 hun d
040 |a BGE Dolgozattár Repozitórium  |b hun 
041 |a hu 
100 1 |a KÉZÉR KATALIN 
245 1 0 |a SPECIÁLIS ISKOLÁK SZAKMAI TANULMÁNYI VERSENYE  |c KÉZÉR KATALIN  |h [elektronikus dokumentum] 
246 1 1 |a SPECIÁLIS ISKOLÁK SZAKMAI TANULMÁNYI VERSENYE 
695 |a sni betegségei 
695 |a szakmai versenyek 
695 |a kereskedelmi szakképzés 
700 1 |a Buzás Dr. Gizella  |e ths 
856 4 0 |u http://dolgozattar.uni-bge.hu/20993/1/K%C3%A9sz%20szakdolgozat.pdf  |z Dokumentum-elérés